000 00493nam a2200205 4500
005 20240216141704.0
008 240215b2023 |||||||| |||| 00| 0 spa d
020 _a9788467960921
041 _aESP
082 _a741.595.2 I76a
100 _aIsayama, Hajime
245 _aAtaque a los titanes 1
260 _aEstados Unidos
260 _bNorma Editorial
260 _c2023
300 _a190 páginas
650 _aNOVELA GRÁFICA
650 _aCÓMICS JAPONESES
942 _2ddc
_cLIT
999 _c13649
_d13649